My first 1000 words

Bibliographic Details
Other Authors: Busquests,Jordi, Viega,Jose Manuel
Format: Book
Published: England : Peter Haddock Ltd , [2004]
Subjects:

MARC

LEADER 00000cam a2200000 7i4500
001 0000004947
005 20151222.0
008 070731
020 |a 0710512376 
090 0 0 |a JP   |b EL ENG (5410) 
245 1 0 |a My first 1000 words   |c Illustrated by Jordi Busquests & Jose Manuel Viega 
260 |a England :   |b Peter Haddock Ltd ,   |c [2004] 
500 |a Children ages 7-9 years old (orange) 
650 0 |a Dictionary   |x Study and teaching 
650 0 |a Junior fiction   |x Malay   |x Languages 
700 1 |a Busquests,Jordi 
700 1 |a Viega,Jose Manuel 
999 |a 0000950177   |b Book   |c REFERENCE   |e Cawangan Bandar Tenggara 
999 |a 0000950182   |b Book   |c Children Collection   |e Cawangan Segamat 
999 |a 0000970716   |b Book   |c Children Collection   |e Perbadanan Perpustakaan Awam Johor 
999 |a 0000970717   |b Book   |c Children Collection   |e Perbadanan Perpustakaan Awam Johor 
999 |a 0000970718   |b Book   |c Children Collection   |e Perbadanan Perpustakaan Awam Johor 
999 |a 0001138960   |b Book   |c Children Collection   |e Cawangan Pontian